000 00491nam a2200169Ia 4500
008 090711s9999 xx 000 0 und d
082 _b68106
100 _aगीतानंद स्वामी
245 _aजीवन गीता
260 _c1991
300 _a503
600 _aगीतानंद स्वामी
630 _aजीवन गीता
700 _aगीतानंद स्वामी
730 _aजीवन गीता
942 _cBOOK
999 _c281732
_d281732